Bojnice Kúpalisko Čajka, v pozadí zámok : Kúpele

Zobrazenie:

Bibliographic Details
Other Authors: Slivka, Dušan, 1944- (Photographer)
Format: Photo
Language:Slovak
PhysicalDescription:1 pohľadnica (2 čiastkové pohľady) farebná 15 x 11 cm
Published: Bratislava ČSTK-Pressfoto 1989
Subjects:

MARC

LEADER 00000ckm a2200000 a 4500
001 vtls001205643
003 SK-MaSNL
005 20260331202933.0
007 kf co
008 180703s1989 xo g 0kuslo
015 |a SNBG1989 
035 |a SNK000148713 
040 |a SNK  |b slo  |c SNK  |e AACR2 
041 0 |a slo 
043 |a e-xo--- 
044 |a xo  |c SK 
072 7 |a 913  |x Regionálna geografia  |2 konspekt 
080 |a 913(437.6)  |2 2011 
080 |a 904(084.121)  |2 2011 
100 1 |a Slivka, Dušan,  |d 1944-  |4 pht  |9 249825 
245 1 0 |a Bojnice  |h grafika  |b Kúpalisko Čajka, v pozadí zámok : Kúpele  |c foto: D. Slivka ; grafický návrh: J. Smola 
246 1 |i Názov na obrazovej časti:  |a Bojnice 
260 |a Bratislava  |b ČSTK-Pressfoto  |c 1989  |e Skalica  |f Grafobal 
300 |a 1 pohľadnica (2 čiastkové pohľady)  |b farebná  |c 15 x 11 cm 
520 8 |a Zobrazenie: 
651 7 |a Bojnice (Slovensko)  |2 SNKPHgeo  |9 30288 
655 7 |a pohľadnice kultúrnych pamiatok  |2 SNKPH  |9 70523 
655 7 |a miestne pohľadnice  |2 SNKPH  |9 70510 
700 1 |a Smola, Jozef  |c (grafik)  |4 art  |9 283315 
958 |a GBN 
958 |a GC 
958 |a OND 
999 |c 785418  |d 787348 
952 |a SNK  |b SNK  |y PREZ  |7 0  |p 17A1281083  |o snkSP 142035  |i snk1557/90  |0 0  |1 0  |4 0  |d 2021-05-17  |l 0  |r 2026-02-24 01:18:21  |w 2026-02-24 
952 |a SNK  |b SNK  |y PREZ  |7 0  |p 17A1281082  |o snkSP 142035 D1  |i snk1558/90  |0 0  |1 0  |4 0  |d 2021-05-17  |l 0  |r 2026-02-24 01:18:21  |w 2026-02-24